| 000 | 00000nam 2200000zi 4500 |
| 001 | 9.897181 |
| 003 | CaOODSP |
| 005 | 20240403131405 |
| 006 | m o d f |
| 007 | cr |n||||||||| |
| 008 | 210304e198609##oncd||| ob f00| 0|eng d |
| 040 | |aCaOODSP|beng|erda|cCaOODSP |
| 043 | |an-cn-ab |
| 086 | 1 |aC23-231/1986E-PDF |
| 245 | 00|aOverview of the service sector in Alberta. |
| 264 | 1|a[Ottawa] : |bRegional Industrial Expansion, Alberta Office, Economic Analysis, Planning and Evaluation, |cSeptember 1986. |
| 300 | |a1 online resource (iii, [14], 50 pages) : |bcharts |
| 336 | |atext|btxt|2rdacontent |
| 337 | |acomputer|bc|2rdamedia |
| 338 | |aonline resource|bcr|2rdacarrier |
| 500 | |aDigitized edition from print [produced by Innovation, Science and Economic Development Canada]. |
| 504 | |aIncludes bibliographical references. |
| 650 | 0|aService industries|zAlberta. |
| 650 | 6|aServices (Industrie)|zAlberta. |
| 710 | 1 |aCanada. |bDepartment of Regional Industrial Expansion, |eissuing body. |
| 856 | 40|qPDF|s2.01 MB|uhttps://publications.gc.ca/collections/collection_2024/isde-ised/c23/C23-231-1986-eng.pdf |